Loading...
| History - American History | 0 | 4 | 0 | 1 | 40 | 70 | 89.00 | 0 | 3 |
| Fine Arts - Other Fine Arts | 0 | 4 | 0 | 0 | 40 | 89 | 111.50 | 0 | 4 |
| History - European History | 0 | 3 | 0 | 0 | 30 | 97 | 102.33 | 0 | 2 |
| Literature - American Literature | 0 | 2 | 0 | 1 | 20 | 92 | 95.50 | 0 | 1 |
| Mythology | 0 | 2 | 0 | 0 | 20 | 81 | 88.50 | 0 | 1 |
| Geography/Current Events | 0 | 2 | 0 | 1 | 20 | 68 | 87.50 | 1 | 1 |
| Religion | 0 | 2 | 1 | 0 | 15 | 38 | 68.00 | 1 | 1 |
| Social Science | 0 | 1 | 0 | 0 | 10 | 82 | 82.00 | 0 | 1 |
| History - Other History | 0 | 1 | 0 | 0 | 10 | 81 | 81.00 | 0 | 1 |
| Literature - British Literature | 0 | 1 | 0 | 0 | 10 | 52 | 52.00 | 0 | 1 |
| Literature - European Literature | 0 | 1 | 0 | 0 | 10 | 104 | 104.00 | 0 | 1 |
| Literature - World/Other Literature | 0 | 1 | 0 | 0 | 10 | 44 | 44.00 | 1 | 1 |
| Science - Biology | 0 | 1 | 0 | 0 | 10 | 97 | 97.00 | 0 | 0 |
| Science - Physics | 0 | 1 | 0 | 0 | 10 | 72 | 72.00 | 1 | 1 |
| Fine Arts - Visual Fine Arts | 0 | 1 | 1 | 0 | 5 | 84 | 84.00 | 0 | 1 |
| History - World History | 0 | 0 | 2 | 0 | -10 | 0.00 | 0 | 0 |